| 000 | 00370nam a22001457a 4500 | ||
|---|---|---|---|
| 020 | _a978-93-85175-65-7 | ||
| 082 |
_a823 _bGEO/F |
||
| 100 | _aGEORGE, BEENA | ||
| 245 |
_aFAIRY TALES _bBEAUTY AND THE BEAST, ALICE IN WONDERLAND, CINDRELLA |
||
| 260 |
_aTHRISSUR _bH & C PUBLISHING HOUSE |
||
| 300 | _a144 | ||
| 520 | _aSHORT STORY | ||
| 650 | _aSHORT STORY | ||
| 942 | _cBK | ||
| 999 |
_c3428 _d3428 |
||